عرض عادي
عرض مارك
- Statistics as Topic.
مدخل مصطلح موضوعي
001 - رقم الضبط
- حقل الضبط: 11606
003 - معرف رقم الضبط
- حقل الضبط: OSt
005 - تاريخ ووقت أخر عملية
- حقل الضبط: 20120419053801.0
008 - عناصر بيانات ثابتة الطول
- حقل تحكم ثابت الطول: 120419|||a|||||| | ||| d
040 ## - مصدر الفهرسة
- هيئة الفهرسة الأصلية: OSt
- وكالة الكتابة: OSt
150 ## - مدخل-- مصطلح تاريخي
- عنصر مدخل المصطلح الموضوعي او الاسم الجغرافي: Statistics as Topic.
670 ## - بيانات المصدر موجوده
- الاستشهاد بالمصدر: Work cat.: (OSt)23884: Polit, Denise F. 4720, Statistics and data analysis for nursing research /, c2010.
